Największe wyspy na Balearach - Statystyki

Ogólne statystyki
  • Ten quiz został rozwiązany 65 razy
  • Średni wynik to 3 z 5
Statystyki odpowiedzi
Powierzchnia w km2 Odpowiedź % Poprawnych
3 640 Majorka
100%
571 Ibiza
95%
668 Minorka
88%
82 Formentera
27%
17 Cabrera
19%
Nie znaleziono quizów pasujących do podanych kryteriów
Rozkład punktacji
Procent ludzi z każdym wynikiem
Percentyl według liczby udzielonych odpowiedzi
Twoja historia wyników
Nie rozwiązałeś tego quizu